UBT Library

The works and correspondence of David Ricardo / (Record no. 40705)

000 -LEADER
fixed length control field 00809cam a2200241 a 4500
001 - CONTROL NUMBER
control field 12700871
005 - DATE AND TIME OF LATEST TRANSACTION
control field 20180123033747.0
008 - FIXED-LENGTH DATA ELEMENTS--GENERAL INFORMATION
fixed length control field 020312r20041951inu b 001 0 eng
010 ## - LIBRARY OF CONGRESS CONTROL NUMBER
LC control number 2002016222
020 ## - INTERNATIONAL STANDARD BOOK NUMBER
International Standard Book Number 0865979650 (pbk. : alk. paper)
040 ## - CATALOGING SOURCE
Original cataloging agency DLC
Transcribing agency DLC
Modifying agency DLC
041 ## - LANGUAGE CODE
Language code of text/sound track or separate title eng
080 ## - UNIVERSAL DECIMAL CLASSIFICATION NUMBER
Universal Decimal Classification number 330.1513092 SRA
082 00 - DEWEY DECIMAL CLASSIFICATION NUMBER
Classification number 330.1513092 SRA
Edition number 21
100 1# - Rafti
Rafti 52
101 ## - Shkurtesa
Shkurtesa EKO
240 10 - UNIFORM TITLE
Uniform title <a href="Works.">Works.</a>
Date of a work 2004
245 14 - TITLE STATEMENT
Title The works and correspondence of David Ricardo /
Statement of responsibility, etc edited by Piero Sraffa ; with the collaboration of M.H. Dobb.
504 ## - BIBLIOGRAPHY, ETC. NOTE
Bibliography, etc Includes bibliographical references and index.
906 ## - LOCAL DATA ELEMENT F, LDF (RLIN)
a 7
b cbc
c orignew
d 1
e ocip
f 20
g y-gencatlg
942 ## - ADDED ENTRY ELEMENTS (KOHA)
Source of classification or shelving scheme
Item type Books
Holdings
Withdrawn status Lost status Source of classification or shelving scheme Damaged status Not for loan Collection code Permanent location Current location Shelving location Date acquired Total Checkouts Full call number Barcode Date last seen Price effective from Koha item type
          Koleksioni i përgjithshem UBT - Lipjan UBT - Lipjan Koleksioni i përgjithshem 01/23/2018   330.1513092 SRA 002-2996117 01/23/2018 01/23/2018 Books
UBT Library © 2015-2024. All rights reserved University Education for Business and Technology